000 00614nam a2200241 i 4500
001 C2-0089781
003 PPAK
005 20180727091821.0
008 970511s1989 nyu |||| ||||| | eng d
020 _a0385247559
040 _aPPAK
_beng
_cPPAK
_erda
082 0 4 _a823
_223
090 0 0 _a823
_bREE
_dG
100 1 _aReeves, Stevens, Garfield,
_eauthor
245 1 0 _aNighteyes
264 1 _aNew York :
_bDoubleday ,
_c1989
300 _a452 pages ;
_c24 cm
336 _2rdacontent
_atext
337 _2rdamedia
_aunmediated
338 _2rdacarrier
_avolume
650 1 0 _aEnglish fiction
942 _ddc
_cB
999 _c18650
_d18650